Bartholomew Fair /

Bibliographic Details
Main Author: Jonson, Ben, 1573?-1637
Other Authors: Horsman, E. A. (Ernest Alan), 1918-
Format: Book
Language:English
Published: Cambridge : Harvard University Press, [1960]
Series:The Revels plays

MARC

Tag First Indicator Second Indicator Subfields
LEADER 00000cam a2200000 4500
001 in00000035602
005 20151007062045.0
008 720615s1960 mauh 00000 eng u
010 |a  60051919  
035 |a (OCoLC)00332640 
035 |9 AAD3852AM 
040 |c YNG  |d TXA  |d UtOrBLW 
049 |a TXAM  |c [329359] 
050 0 0 |a PR2606  |b .A16 
092 |a 822  |b J81ba 
100 1 |a Jonson, Ben,  |d 1573?-1637. 
245 1 0 |a Bartholomew Fair /  |c Edited by E. A. Horsman. 
264 1 |a Cambridge :  |b Harvard University Press,  |c [1960] 
300 |a xxxiv, 177 pages :  |b facsimiles ;  |c 21 cm. 
336 |a text  |b txt  |2 rdacontent 
337 |a unmediated  |b n  |2 rdamedia 
338 |a volume  |b nc  |2 rdacarrier 
490 0 |a The Revels plays 
536 |a From the library of Harrison T. Meserole, 2002. 
700 1 |a Horsman, E. A.  |q (Ernest Alan),  |d 1918- 
999 |a MARS 
999 f f |s 43c976ab-72dd-3de3-acae-a23dad73a23d  |i b21bbf54-cc37-3b73-b05c-e90ed80fb920  |t 0 
952 f f |p normal  |a Texas A&M University  |b College Station  |c Sterling C. Evans Library  |s Evans stk  |d Evans: Library Stacks  |t 0  |e PR2606 .A16  |h Library of Congress classification  |i unmediated -- volume  |m A14829859758 
998 f f |a PR2606 .A16  |t 0  |l Evans: Library Stacks